MDQL
is popping MORE tags! Check the
thread
!
Quizzes
Events
Quiz Creation
Community
Videos
Private Events
Remove Ads
Sign In
Join for FREE
Feedback
Dark Mode
Quiz Categories
Sports
Geography
Music
Movies
Television
Just For Fun
Miscellaneous
History
Literature
Language
Science
Gaming
Entertainment
Religion
Holiday
For Kids
Quiz Lab
Recent
Popular Today
Quiz Kudos Today
Editor Picks
Curator Picks
Quizzes by...
Day
Popularity
Type
Ratings
Length
Year
Community
Subscriptions
Recent Discussions
Orange Saloon
Badges
Playlists
Quests
Create
Leaderboards
Showdown
Live 5
Trivia Bingo
Activity
Puzzle Library
Sporcle Events
Private Events
Virtual Trivia
Globe League
Become a Host
Pub Owners
SporcleCon
Opinionation
Our Games
Videos
Blog
Mobile Apps
Partnerships
Remove Ads and Go Orange
Feedback
Television
TV Characters
TV Show
Sitcom
Network
Friends
Reality Shows
Cast
South Park
Star Trek
The Simpsons
Doctor Who
Television
TV Characters
TV Show
Sitcom
Network
Friends
Reality Shows
Cast
South Park
Star Trek
The Simpsons
Doctor Who
Random Quiz
Search Sporcle
×
Quiz Lab
Quiz Lab
Television
intro
Type in answers that appear in a list
Type in answers that appear in a list
Classic
Best Score? Go Orange.
Can you name the lyrics to the Homeland opening theme? Stats
Can you name the Homeland intro text
By
rubenkubus
12m
166 Questions
117 Plays
117 Plays
117 Plays
Comments
Comments
Give Quiz Kudos
Give Quiz Kudos
-
- Ratings
hide this ad
More Info
Replay
Link that replays current quiz
Next Quiz
Link to next quiz in quiz playlist
You Got
0%
They Got
Avg Score
41%
Avg Friend Score
Upgrade to see
Score Distribution
Jump to the score distribution portion of the page
Score
0/166
Timer
12:00
0
Plays Today
Lyrics
% Correct
a
87.2%
a
87.2%
I
85.5%
I
85.5%
I
85.5%
the
80.3%
the
80.3%
the
80.3%
The
80.3%
the
80.3%
The
80.3%
the
80.3%
The
80.3%
the
80.3%
the
80.3%
We
70.9%
we
70.9%
We
70.9%
we
70.9%
of
67.5%
of
67.5%
of
67.5%
of
67.5%
of
67.5%
of
67.5%
of
67.5%
of
67.5%
of
67.5%
is
65.8%
is
65.8%
It
63.2%
It
63.2%
and
61.5%
and
61.5%
and
61.5%
and
61.5%
an
60.7%
that
60.7%
that
60.7%
no
59.8%
again
59.8%
again
59.8%
not
59%
not
59%
in
58.1%
in
58.1%
will
57.3%
will
57.3%
you
57.3%
something
57.3%
you
57.3%
will
57.3%
something
57.3%
can't
57.3%
something
57.3%
terror
56.4%
Lyrics
% Correct
terror
56.4%
for
55.6%
missed
55.6%
missed
55.6%
day
55.6%
me
55.6%
United
54.7%
States
53.8%
was
53.8%
was
53.8%
was
53.8%
was
53.8%
to
53%
let
51.3%
happen
48.7%
at
47.9%
won't
47%
Everyone
46.2%
Everyone
46.2%
must
45.3%
are
45.3%
ten
44.4%
years
44.4%
ago
44.4%
forces
42.7%
before
41%
****
40.2%
****
40.2%
once
40.2%
terrorist
38.5%
This
38.5%
this
38.5%
This
38.5%
This
38.5%
Naval
37.6%
Am
37.6%
against
36.8%
against
36.8%
What
36.8%
series
33.3%
World
33.3%
strikes
32.5%
launched
31.6%
crashed
31.6%
act
31.6%
act
31.6%
crashed
31.6%
into
30.8%
into
30.8%
plane
29.9%
Center
29.9%
home
29.9%
doing
29.9%
Trade
29.1%
just
28.2%
terrorism
27.4%
Lyrics
% Correct
don't
27.4%
remain
27.4%
town
26.5%
I'm
26.5%
He
25.6%
has
25.6%
hit
25.6%
get
24.8%
sure
23.9%
Flight
22.2%
USS
20.5%
vigilant
20.5%
103
19.7%
making
19.7%
make
17.9%
attacked
17.9%
stand
17.1%
one
17.1%
East
16.2%
people
16.2%
Middle
15.4%
Africa
13.7%
Cole
13.7%
abroad
13.7%
Europe
12.8%
cowardly
12.8%
Thousands
12%
while
11.1%
running
11.1%
we're
10.3%
agression
9.4%
old
9.4%
Kuwait
8.5%
refueling
8.5%
good
8.5%
him
8.5%
Pan
7.7%
port
7.7%
despicable
7.7%
acts
6%
facilities
5.1%
going
5.1%
Lockerbie
4.3%
distinction
4.3%
next
4.3%
stops
3.4%
favorites
2.6%
Until
2.6%
relentless
1.7%
pursuit
1.7%
samba
0.9%
sanctioned
0%
Aden
0%
swing
0%
Quiz Playlist
Details
Report
Send in Message
Add To Playlist
More Info:
Name the lyrics of the opening them of the Showtime serie Homeland.
Classic:
Type in answers that appear in a list
Last Updated: Feb 16, 2017
Quiz Scoreboard
CHALLENGE
Sign Up to Join the Scoreboard
Show All
Scores
Hide
Comments
May contain spoilers
Recently Published
1-10 Letter E Words III
by El_Dandy
Language
2m
Street Fighter Characters
by Artimus82
Gaming
60s
College Basketball Coaching Resumes
by pancakes188
Sports
9m
More to Explore
Quiz From the Vault
Featured Blog Post
Where Did the Easter Bunny Come From?
hide this ad
You Might Also Like...
Tags
homeland
intro
Text
theme
Today's Top Quizzes in Television
Browse Television
hide this ad
Today's Top Quizzes in intro
Browse intro
Top Contributed Quizzes in Television
1
Survivor Journey Challenge
2
Adjectives in 80s TV Shows
3
Adjectives in 00s TV Shows
4
5-to-1: The Simpsons Families
5
5-to-1: Television Doctors
6
Adjectives in 10s TV Shows
7
7-to-1: TV Show Settings
8
Adjectives in 70s TV Shows
9
5-to-1: Streaming Originals
10
Survivor Seasons
Explore More
Trending Topics
NBA
Disney
Marvel
Kpop
Anime
Harry Potter
Crossword
NFL
Song
The Office
Soccer
Puzzle
Pokémon
Country
WWE
hide this ad
More By:
rubenkubus
Quiz
Plays
Rating
Category
Featured
Created
Can you name the lyrics to the Homeland opening theme?
117
Television
Mar 26, 2014
Name the Dutch monarchs with their spouses
86
4.50
History
Jan 28, 2013
Go to Creator's Profile
Score Distribution
Quiz Creator Spotlight
rubenkubus
Follow
Send a Message
Quizzes Created
-
Created Quiz Play Count
-
More By This Creator
Popular Quizzes Today
1
Find the US States - No Outlines Minefield
2
Find the Countries of Europe - No Outlines Minefield
3
The Countries of the World
4
Find the US States
5
Risky Map Clicking: Biggest States A-Z
6
US States
7
Popular People in 1961
8
Movies - When Are They Set?
More Television Quizzes
Bank Robbery TV Episodes
Quiz Lab
Trending Quizzes
Risky Map Clicking: Least Populous States A-Z
1-10 Letter G Words
USA Borders Longest to Shortest
1-10 Letter F Words
Countries of the World: 200 Million BC
Recently Updated
Leaping Animals
pecheneg
Reality TV Shows (A-Z)
bhenderson79
Rickey Henderson's Hall of Fame Teammates
pecheneg
Champions League XIs: Arsenal
pecheneg
Quick Pick: Celebrities in WWE's Hall of Fame
aduchscher
A-Z Keypad Blitz II
pecheneg
Multiple Oscar Actors
pecheneg
Mystery Phrase Blitz: Oscar 'Best Actors'
pecheneg
F. Scott Fitzgerald Novels
LTH
Pick 3 Villains
ddd62291
Trending Topics
Marvel
Anime
Crossword
Harry Potter
NBA
Disney
Kpop
Puzzle
WWE
Song
Soccer
Pokémon
NFL
The Office
Country
Your Account Isn't Verified!
In order to create a playlist on Sporcle, you need to verify the email address you used during registration. Go to your
Sporcle Settings
to finish the process.
Report this User
Report this user for behavior that violates our
Community Guidelines
.
Details:
Send Report
Go to the Sporcle.com Mobile Site →
Comments